| 000 | 00000nam##2200000za#4500 |
| 001 | 9.644319 |
| 003 | CaOODSP |
| 005 | 20250506145324 |
| 007 | cr ||||||||||| |
| 008 | 150407|1957||||xxc|||||o f|0| 0 fre|d |
| 040 | |aCaOODSP|bfre |
| 043 | |an-cn--- |
| 086 | 1 |aA43-969/1957F-PDF |
| 110 | 1 |aCanada.|bAgriculture Canada. |
| 245 | 10|aRépression des punaises, des puces, des poux, et des guêpes / |h[ressource électronique]|cpar C.R. Twinn. |
| 260 | |aOttawa - Ontario : |bAgriculture Canada |c1957. |
| 300 | |a12p.|bill. |
| 500 | |aPublication historique numérisée par Agriculture et Agroalimentaire Canada. |
| 590 | |a15-03-Supp|b2015-03-13 |
| 720 | 1 |aTwinn, C. R. |
| 775 | 08|tControl of bedbugs, fleas, lice, and wasps / |w(CaOODSP)9.700429 |
| 856 | 40|ahttp://publications.gc.ca|qPDF|s1093 Ko|uhttps://publications.gc.ca/collections/collection_2015/aac-aafc/A43-969-1957-fra.pdf |
| 986 | |aPublication 969 |